000 00238nam a22000977a 4500
041 _aENG
100 _aRao. P.N
245 _aManufacturing Technology Foundry Forming And Welding
260 _aDelhi
_bTata McGraw Hill PUB
_c1999
300 _a472
999 _c609
_d609